[Event "DVM U16 2023"]
[Site "Magdeburg GER"]
[Date "2023.12.28"]
[Round "4"]
[White "Schön, Florian"]
[Black "Semling, Julius"]
[Result "0-1"]
[Termination "normal"]
[Board "6.2"]
[WhiteElo "1879"]
[BlackElo "2085"]
[WhiteClock "00:03:40"]
[BlackClock "00:21:31"]
[WhiteTeam "VfB Schach Leipzig"]
[BlackTeam "OSG Baden-Baden"]
[PlyCount "63"]
[WhiteFideId "16259394"]
[BlackFideId "16290160"]
[EventCountry "GER"]
[EventRounds "7"]
[EventType "team-swiss"]
[EventDate "2023.12.26"]

1. e4 {[%clk 01:30:59]} c5 {[%clk 01:30:59]} {[%emt 00:00:02]} 2. Nc3 {[%clk
01:31:22]} {[%emt 00:00:08]} d6 {[%clk 01:31:18]} {[%emt 00:00:10]} 3. f4
{[%clk 01:31:43]} {[%emt 00:00:09]} g6 {[%clk 01:31:26]} {[%emt 00:00:21]} 4.
Nf3 {[%clk 01:32:08]} {[%emt 00:00:06]} Bg7 {[%clk 01:31:49]} {[%emt 00:00:07]}
5. Bc4 {[%clk 01:31:35]} {[%emt 00:01:03]} Nc6 {[%clk 01:29:05]} {[%emt
00:03:13]} 6. d3 {[%clk 01:31:25]} {[%emt 00:00:41]} e6 {[%clk 01:28:49]}
{[%emt 00:00:45]} 7. O-O {[%clk 01:27:28]} {[%emt 00:04:27]} Nge7 {[%clk
01:28:50]} {[%emt 00:00:29]} 8. a4 {[%clk 01:25:51]} {[%emt 00:02:08]} O-O
{[%clk 01:26:17]} {[%emt 00:03:02]} 9. Ne2 {[%clk 01:20:23]} {[%emt 00:05:59]}
b6 {[%clk 01:21:40]} {[%emt 00:05:06]} 10. c3 {[%clk 01:15:53]} {[%emt
00:05:01]} d5 {[%clk 01:19:12]} {[%emt 00:02:57]} 11. Bb3 {[%clk 01:16:13]}
{[%emt 00:00:11]} Ba6 {[%clk 01:17:15]} {[%emt 00:02:26]} 12. Be3 {[%clk
01:07:06]} {[%emt 00:09:37]} dxe4 {[%clk 01:07:01]} {[%emt 00:10:44]} 13. dxe4
{[%clk 01:07:19]} {[%emt 00:00:17]} Qd3 {[%clk 01:05:17]} {[%emt 00:02:12]} 14.
Kf2 {[%clk 00:40:56]} {[%emt 00:26:55]} Qxe4 {[%clk 00:48:28]} {[%emt
00:17:18]} 15. Ng3 {[%clk 00:24:49]} {[%emt 00:16:37]} Qd3 {[%clk 00:47:37]}
{[%emt 00:01:21]} 16. Qxd3 {[%clk 00:24:36]} {[%emt 00:00:43]} Bxd3 {[%clk
00:48:05]} {[%emt 00:00:02]} 17. Rfd1 {[%clk 00:24:58]} {[%emt 00:00:09]} Rfd8
{[%clk 00:44:27]} {[%emt 00:04:08]} 18. Ng5 {[%clk 00:21:28]} {[%emt 00:04:00]}
Ba6 {[%clk 00:38:57]} {[%emt 00:05:59]} 19. N5e4 {[%clk 00:19:53]} {[%emt
00:02:06]} Nd5 {[%clk 00:36:11]} {[%emt 00:03:11]} 20. Kf3 {[%clk 00:15:25]}
{[%emt 00:05:03]} h6 {[%clk 00:34:11]} {[%emt 00:02:30]} 21. Nf1 {[%clk
00:13:59]} {[%emt 00:01:56]} Bb7 {[%clk 00:30:51]} {[%emt 00:03:48]} 22. Ke2
{[%clk 00:08:35]} {[%emt 00:05:56]} Na5 {[%clk 00:30:12]} {[%emt 00:01:09]} 23.
Ned2 {[%clk 00:06:02]} {[%emt 00:03:04]} Nxe3 {[%clk 00:27:50]} {[%emt
00:02:51]} 24. Kxe3 {[%clk 00:05:59]} {[%emt 00:00:35]} Bxg2 {[%clk 00:28:08]}
{[%emt 00:00:12]} 25. Bc2 {[%clk 00:05:00]} {[%emt 00:01:29]} Rd7 {[%clk
00:27:13]} {[%emt 00:01:23]} 26. Kf2 {[%clk 00:04:50]} {[%emt 00:00:42]} Bb7
{[%clk 00:27:03]} {[%emt 00:00:40]} 27. Ne3 {[%clk 00:05:05]} {[%emt 00:00:15]}
Rad8 {[%clk 00:27:00]} {[%emt 00:00:33]} 28. Ndc4 {[%clk 00:05:06]} {[%emt
00:00:30]} Nxc4 {[%clk 00:26:26]} {[%emt 00:01:04]} 29. Nxc4 {[%clk 00:05:33]}
{[%emt 00:00:02]} Ba6 {[%clk 00:26:29]} {[%emt 00:00:25]} 30. Ne5 {[%clk
00:05:05]} {[%emt 00:01:00]} Rd2+ {[%clk 00:25:01]} {[%emt 00:01:56]} 31. Kg3
{[%clk 00:03:49]} Bf6 {[%clk 00:21:31]} {[%emt 00:05:46]} 32. Be4 {[%clk
00:03:40]} 0-1

[Event "DVM U16 2023"]
[Site "Magdeburg GER"]
[Date "2023.12.28"]
[Round "4"]
[White "Uhlmann, Tim"]
[Black "Widmann, Maximilian"]
[Result "1-0"]
[Termination "normal"]
[Board "6.3"]
[WhiteElo "1934"]
[BlackElo "1611"]
[WhiteClock "00:38:45"]
[BlackClock "00:20:01"]
[WhiteTeam "OSG Baden-Baden"]
[BlackTeam "VfB Schach Leipzig"]
[PlyCount "85"]
[WhiteFideId "16239210"]
[BlackFideId "16281691"]
[EventCountry "GER"]
[EventRounds "7"]
[EventType "team-swiss"]
[EventDate "2023.12.26"]

1. e4 {[%clk 01:30:56]} {[%emt 00:00:02]} c6 {[%clk 01:30:50]} {[%emt
00:00:10]} 2. c4 {[%clk 01:31:21]} {[%emt 00:00:05]} d5 {[%clk 01:31:08]}
{[%emt 00:00:13]} 3. exd5 {[%clk 01:31:41]} {[%emt 00:00:09]} cxd5 {[%clk
01:31:33]} {[%emt 00:00:05]} 4. cxd5 {[%clk 01:32:03]} {[%emt 00:00:08]} Nf6
{[%clk 01:31:45]} {[%emt 00:00:18]} 5. Nc3 {[%clk 01:32:22]} {[%emt 00:00:10]}
Nxd5 {[%clk 01:31:57]} {[%emt 00:00:18]} 6. Nf3 {[%clk 01:32:44]} {[%emt
00:00:08]} Nc6 {[%clk 01:31:37]} {[%emt 00:00:51]} 7. Bb5 {[%clk 01:32:38]}
{[%emt 00:00:36]} e6 {[%clk 01:31:04]} {[%emt 00:01:03]} 8. O-O {[%clk
01:32:38]} {[%emt 00:00:28]} Be7 {[%clk 01:30:50]} {[%emt 00:00:45]} 9. d4
{[%clk 01:32:29]} {[%emt 00:00:39]} O-O {[%clk 01:30:02]} {[%emt 00:01:18]} 10.
Re1 {[%clk 01:30:32]} {[%emt 00:02:27]} a6 {[%clk 01:25:10]} {[%emt 00:05:22]}
11. Bd3 {[%clk 01:30:18]} {[%emt 00:00:43]} Nf6 {[%clk 01:12:11]} {[%emt
00:13:30]} 12. Bg5 {[%clk 01:26:55]} {[%emt 00:03:53]} b5 {[%clk 01:09:53]}
{[%emt 00:02:48]} 13. Rc1 {[%clk 01:24:29]} {[%emt 00:02:55]} Bb7 {[%clk
01:09:01]} {[%emt 00:01:24]} 14. Bb1 {[%clk 01:24:09]} {[%emt 00:00:48]} Nb4
{[%clk 00:59:05]} {[%emt 00:10:27]} 15. a3 {[%clk 01:22:33]} {[%emt 00:02:06]}
Nbd5 {[%clk 00:56:44]} {[%emt 00:02:51]} 16. Qd3 {[%clk 01:19:34]} {[%emt
00:03:28]} g6 {[%clk 00:53:34]} {[%emt 00:03:42]} 17. h4 {[%clk 01:04:59]}
{[%emt 00:15:04]} Rc8 {[%clk 00:49:54]} {[%emt 00:04:09]} 18. Ne5 {[%clk
00:57:22]} {[%emt 00:08:08]} Nxc3 {[%clk 00:41:49]} {[%emt 00:08:36]} 19. Rxc3
{[%clk 00:56:34]} {[%emt 00:01:17]} Rxc3 {[%clk 00:35:54]} {[%emt 00:06:26]}
20. bxc3 {[%clk 00:55:35]} {[%emt 00:01:34]} Nd5 {[%clk 00:31:08]} {[%emt
00:05:12]} 21. Bh6 {[%clk 00:51:56]} {[%emt 00:04:08]} Re8 {[%clk 00:24:31]}
{[%emt 00:07:07]} 22. h5 {[%clk 00:51:39]} {[%emt 00:00:47]} f5 {[%clk
00:13:39]} {[%emt 00:11:22]} 23. hxg6 {[%clk 00:50:21]} {[%emt 00:01:49]} hxg6
{[%clk 00:12:16]} {[%emt 00:01:53]} 24. Nxg6 {[%clk 00:46:38]} {[%emt
00:04:12]} Bg5 {[%clk 00:07:41]} {[%emt 00:05:05]} 25. Ne7+ {[%clk 00:45:05]}
{[%emt 00:02:02]} Qxe7 {[%clk 00:06:19]} {[%emt 00:01:53]} 26. Qg3 {[%clk
00:45:26]} {[%emt 00:00:08]} Kh8 {[%clk 00:01:44]} {[%emt 00:05:06]} 27. Bxg5
{[%clk 00:45:16]} {[%emt 00:00:40]} Qh7 {[%clk 00:01:28]} {[%emt 00:00:41]} 28.
Qe5+ {[%clk 00:32:42]} {[%emt 00:13:09]} Qg7 {[%clk 00:01:22]} {[%emt
00:00:36]} 29. Bxf5 {[%clk 00:31:51]} {[%emt 00:01:21]} Qxe5 {[%clk 00:01:11]}
{[%emt 00:00:42]} 30. Rxe5 {[%clk 00:32:13]} {[%emt 00:00:07]} Nxc3 {[%clk
00:00:48]} {[%emt 00:00:53]} 31. Rxe6 {[%clk 00:26:01]} {[%emt 00:06:42]} Rxe6
{[%clk 00:00:59]} {[%emt 00:00:19]} 32. Bxe6 {[%clk 00:26:22]} {[%emt
00:00:09]} Kg7 {[%clk 00:01:21]} {[%emt 00:00:07]} 33. Be3 {[%clk 00:21:23]}
{[%emt 00:05:29]} Nb1 {[%clk 00:00:48]} {[%emt 00:01:03]} 34. d5 {[%clk
00:19:35]} {[%emt 00:02:17]} Kf6 {[%clk 00:00:40]} {[%emt 00:00:39]} 35. Bd4+
{[%clk 00:17:01]} {[%emt 00:03:04]} Ke7 {[%clk 00:00:39]} {[%emt 00:00:32]} 36.
Bf5 {[%clk 00:16:23]} {[%emt 00:01:06]} Nd2 {[%clk 00:00:41]} {[%emt 00:00:29]}
37. Bc5+ {[%clk 00:16:41]} {[%emt 00:00:11]} Kd8 {[%clk 00:00:34]} {[%emt
00:00:38]} 38. d6 {[%clk 00:13:47]} {[%emt 00:03:24]} Nc4 {[%clk 00:00:47]}
{[%emt 00:00:17]} 39. g4 {[%clk 00:13:08]} {[%emt 00:01:09]} Bd5 {[%clk
00:00:41]} {[%emt 00:00:36]} 40. f4 {[%clk 00:10:13]} {[%emt 00:03:24]} Bf7
{[%clk 00:00:35]} {[%emt 00:00:36]} 41. d7 {[%clk 00:08:32]} {[%emt 00:02:11]}
a5 {[%clk 00:22:16]} {[%emt 00:08:50]} 42. Bf2 {[%clk 00:38:34]} {[%emt
00:00:27]} Be8 {[%clk 00:20:01]} {[%emt 00:02:46]} 43. Bh4+ {[%clk 00:38:45]}
{[%emt 00:00:19]} 1-0

[Event "DVM U16 2023"]
[Site "Magdeburg GER"]
[Date "2023.12.28"]
[Round "4"]
[White "Schulz, Moritz"]
[Black "Neves, Carlos"]
[Result "0-1"]
[Termination "normal"]
[Board "6.4"]
[WhiteElo "1449"]
[BlackElo "1721"]
[WhiteClock "00:33:18"]
[BlackClock "00:57:11"]
[WhiteTeam "VfB Schach Leipzig"]
[BlackTeam "OSG Baden-Baden"]
[PlyCount "44"]
[WhiteFideId "34681680"]
[BlackFideId "16258320"]
[EventCountry "GER"]
[EventRounds "7"]
[EventType "team-swiss"]
[EventDate "2023.12.26"]

1. e4 {[%clk 01:30:57]} {[%emt 00:00:03]} c5 {[%clk 01:30:41]} {[%emt
00:00:20]} 2. Nf3 {[%clk 01:30:40]} {[%emt 00:00:46]} g6 {[%clk 01:30:17]}
{[%emt 00:00:54]} 3. d4 {[%clk 01:29:59]} {[%emt 00:01:10]} cxd4 {[%clk
01:30:09]} {[%emt 00:00:38]} 4. Nxd4 {[%clk 01:29:03]} {[%emt 00:01:25]} Nf6
{[%clk 01:30:10]} {[%emt 00:00:30]} 5. Nc3 {[%clk 01:28:08]} {[%emt 00:01:25]}
d6 {[%clk 01:30:20]} {[%emt 00:00:21]} 6. Be2 {[%clk 01:27:07]} {[%emt
00:01:30]} Bg7 {[%clk 01:30:31]} {[%emt 00:00:19]} 7. Be3 {[%clk 01:26:42]}
{[%emt 00:00:55]} Nc6 {[%clk 01:30:24]} {[%emt 00:00:37]} 8. Qd2 {[%clk
01:24:53]} {[%emt 00:02:18]} O-O {[%clk 01:30:35]} {[%emt 00:00:19]} 9. O-O-O
{[%clk 01:23:58]} {[%emt 00:01:26]} Ng4 {[%clk 01:27:11]} {[%emt 00:03:54]} 10.
Bxg4 {[%clk 01:21:45]} {[%emt 00:02:42]} Bxg4 {[%clk 01:27:34]} {[%emt
00:00:08]} 11. f3 {[%clk 01:20:43]} {[%emt 00:01:31]} Bd7 {[%clk 01:24:36]}
{[%emt 00:03:29]} 12. g4 {[%clk 01:18:48]} {[%emt 00:02:25]} Ne5 {[%clk
01:24:33]} {[%emt 00:00:34]} 13. Qe2 {[%clk 01:13:16]} {[%emt 00:06:01]} Rc8
{[%clk 01:23:38]} {[%emt 00:01:25]} 14. Nb3 {[%clk 01:03:41]} {[%emt 00:10:05]}
b5 {[%clk 01:19:44]} {[%emt 00:04:23]} 15. h4 {[%clk 00:59:11]} {[%emt
00:05:01]} b4 {[%clk 01:16:47]} {[%emt 00:03:28]} 16. Nb1 {[%clk 00:53:49]}
{[%emt 00:05:52]} Qc7 {[%clk 01:13:12]} {[%emt 00:04:05]} 17. Nd4 {[%clk
00:49:03]} {[%emt 00:05:15]} Nc4 {[%clk 01:02:29]} {[%emt 00:11:13]} 18. Bf2
{[%clk 00:42:54]} {[%emt 00:06:37]} Be5 {[%clk 01:01:13]} {[%emt 00:01:49]} 19.
Rd3 {[%clk 00:36:40]} {[%emt 00:06:43]} Bf4+ {[%clk 01:00:24]} {[%emt
00:01:19]} 20. Nd2 {[%clk 00:35:21]} {[%emt 00:01:49]} e5 {[%clk 00:56:39]}
{[%emt 00:04:16]} 21. N4b3 {[%clk 00:33:15]} {[%emt 00:02:36]} Nxd2 {[%clk
00:56:53]} {[%emt 00:00:16]} 22. Rxd2 {[%clk 00:33:18]} {[%emt 00:00:26]} Qxc2#
{[%clk 00:57:11]} {[%emt 00:00:12]} 0-1

[Event "DVM U16 2023"]
[Site "Magdeburg GER"]
[Date "2023.12.28"]
[Round "4"]
[White "Trunz, Michelle"]
[Black "Miller, Jonathan"]
[Result "1/2-1/2"]
[Termination "normal"]
[Board "7.1"]
[WhiteElo "2024"]
[BlackElo "1804"]
[WhiteClock "00:06:21"]
[BlackClock "00:19:13"]
[WhiteTeam "SG Porz"]
[BlackTeam "SK Johanneum Eppendorf"]
[PlyCount "67"]
[WhiteFideId "16227980"]
[BlackFideId "34631585"]
[EventCountry "GER"]
[EventRounds "7"]
[EventType "team-swiss"]
[EventDate "2023.12.26"]

1. d4 {[%clk 01:30:59]} {[%emt 00:00:02]} d5 {[%clk 01:30:52]} {[%emt
00:00:08]} 2. c4 {[%clk 01:31:24]} {[%emt 00:00:05]} dxc4 {[%clk 01:31:16]}
{[%emt 00:00:05]} 3. e3 {[%clk 01:31:51]} {[%emt 00:00:03]} Nf6 {[%clk
01:31:26]} {[%emt 00:00:21]} 4. Bxc4 {[%clk 01:32:15]} {[%emt 00:00:05]} e6
{[%clk 01:31:41]} {[%emt 00:00:16]} 5. Nf3 {[%clk 01:32:10]} {[%emt 00:00:35]}
a6 {[%clk 01:32:04]} {[%emt 00:00:07]} 6. a4 {[%clk 01:32:15]} {[%emt
00:00:25]} c5 {[%clk 01:31:56]} {[%emt 00:00:39]} 7. O-O {[%clk 01:32:33]}
{[%emt 00:00:13]} Nc6 {[%clk 01:31:45]} {[%emt 00:00:40]} 8. Nc3 {[%clk
01:29:31]} {[%emt 00:03:31]} Be7 {[%clk 01:31:28]} {[%emt 00:00:47]} 9. d5
{[%clk 01:26:49]} {[%emt 00:03:12]} exd5 {[%clk 01:30:29]} {[%emt 00:01:29]}
10. Nxd5 {[%clk 01:27:09]} {[%emt 00:00:11]} O-O {[%clk 01:30:19]} {[%emt
00:00:39]} 11. Nxe7+ {[%clk 01:23:17]} {[%emt 00:04:22]} Qxe7 {[%clk 01:30:31]}
{[%emt 00:00:18]} 12. b3 {[%clk 01:22:26]} {[%emt 00:01:21]} Bg4 {[%emt
00:02:25]} 13. Bb2 {[%clk 01:20:29]} {[%emt 00:02:25]} Ne4 {[%clk 01:25:35]}
{[%emt 00:03:33]} 14. Be2 {[%clk 01:00:10]} {[%emt 00:20:49]} Rad8 {[%clk
01:24:26]} {[%emt 00:01:38]} 15. Qc1 {[%clk 00:59:39]} {[%emt 00:01:02]} Nb4
{[%clk 01:08:57]} {[%emt 00:15:59]} 16. Qc4 {[%clk 00:52:26]} {[%emt 00:07:42]}
Bxf3 {[%clk 01:04:11]} {[%emt 00:05:17]} 17. Bxf3 {[%clk 00:51:38]} {[%emt
00:01:18]} Nd2 {[%clk 01:04:19]} {[%emt 00:00:21]} 18. Qc3 {[%clk 00:51:41]}
{[%emt 00:00:27]} f6 {[%clk 01:04:32]} {[%emt 00:00:16]} 19. Rfd1 {[%clk
00:50:04]} {[%emt 00:02:07]} Rd3 {[%clk 01:04:36]} {[%emt 00:00:26]} 20. Rxd2
{[%clk 00:46:17]} {[%emt 00:04:17]} Rxc3 {[%clk 01:04:54]} {[%emt 00:00:11]}
21. Bxc3 {[%clk 00:46:42]} {[%emt 00:00:05]} Rd8 {[%clk 01:00:57]} {[%emt
00:04:28]} 22. Rxd8+ {[%clk 00:43:43]} {[%emt 00:03:29]} Qxd8 {[%clk 01:01:22]}
{[%emt 00:00:05]} 23. Bxb4 {[%clk 00:38:45]} {[%emt 00:05:28]} cxb4 {[%clk
01:01:42]} {[%emt 00:00:10]} 24. Bxb7 {[%clk 00:38:41]} {[%emt 00:00:34]} Qd3
{[%clk 01:00:10]} {[%emt 00:02:01]} 25. e4 {[%clk 00:38:39]} {[%emt 00:00:33]}
f5 {[%clk 00:54:30]} {[%emt 00:06:12]} 26. Bd5+ {[%clk 00:19:22]} {[%emt
00:19:46]} Kf8 {[%clk 00:54:49]} {[%emt 00:00:10]} 27. Bc4 {[%clk 00:19:37]}
{[%emt 00:00:16]} Qc3 {[%clk 00:53:32]} {[%emt 00:01:47]} 28. Rd1 {[%clk
00:17:33]} {[%emt 00:02:35]} fxe4 {[%clk 00:53:07]} {[%emt 00:00:54]} 29. g3
{[%clk 00:17:10]} {[%emt 00:00:53]} Ke7 {[%clk 00:52:03]} {[%emt 00:01:34]} 30.
Rd5 {[%clk 00:16:21]} {[%emt 00:01:20]} g5 {[%clk 00:33:01]} {[%emt 00:19:32]}
31. Kg2 {[%clk 00:11:51]} {[%emt 00:04:59]} Qf3+ {[%clk 00:31:21]} {[%emt
00:02:10]} 32. Kg1 {[%clk 00:12:08]} {[%emt 00:00:13]} h5 {[%clk 00:20:40]}
{[%emt 00:11:10]} 33. Rxg5 {[%clk 00:09:26]} {[%emt 00:03:12]} Kd6 {[%clk
00:19:13]} {[%emt 00:01:58]} 34. h4 {[%clk 00:06:21]} {[%emt 00:03:36]} 1/2-1/2

[Event "DVM U16 2023"]
[Site "Magdeburg GER"]
[Date "2023.12.28"]
[Round "4"]
[White "Laucht, Philipp"]
[Black "Holzwarth, Felix"]
[Result "1/2-1/2"]
[Termination "normal"]
[Board "7.2"]
[WhiteElo "1661"]
[BlackElo "1774"]
[WhiteClock "00:13:02"]
[BlackClock "00:34:59"]
[WhiteTeam "SK Johanneum Eppendorf"]
[BlackTeam "SG Porz"]
[PlyCount "50"]
[WhiteFideId "16244869"]
[BlackFideId "34621377"]
[EventCountry "GER"]
[EventRounds "7"]
[EventType "team-swiss"]
[EventDate "2023.12.26"]

1. d4 {[%clk 01:30:52]} {[%emt 00:00:07]} d5 {[%clk 01:30:55]} {[%emt
00:00:05]} 2. Bf4 {[%clk 01:31:17]} {[%emt 00:00:05]} Nf6 {[%clk 01:31:20]}
{[%emt 00:00:05]} 3. e3 {[%clk 01:31:42]} {[%emt 00:00:04]} c5 {[%clk
01:31:45]} {[%emt 00:00:06]} 4. c3 {[%clk 01:31:58]} {[%emt 00:00:15]} Nc6
{[%clk 01:32:09]} {[%emt 00:00:06]} 5. Nd2 {[%clk 01:31:19]} {[%emt 00:01:09]}
cxd4 {[%clk 01:32:12]} {[%emt 00:00:27]} 6. exd4 {[%clk 01:31:42]} {[%emt
00:00:06]} Bf5 {[%clk 01:32:33]} {[%emt 00:00:09]} 7. Ngf3 {[%clk 01:30:50]}
{[%emt 00:01:22]} e6 {[%clk 01:32:58]} {[%emt 00:00:05]} 8. Qb3 {[%clk
01:30:40]} {[%emt 00:00:40]} Bd6 {[%clk 01:33:21]} {[%emt 00:00:08]} 9. Bxd6
{[%clk 01:13:01]} {[%emt 00:18:09]} Qxd6 {[%clk 01:33:45]} {[%emt 00:00:06]}
10. h3 {[%clk 01:12:34]} {[%emt 00:00:55]} h6 {[%clk 01:33:43]} {[%emt
00:00:33]} 11. Be2 {[%clk 01:09:42]} {[%emt 00:03:21]} O-O {[%clk 01:33:47]}
{[%emt 00:00:26]} 12. O-O {[%clk 01:09:32]} {[%emt 00:00:40]} Rab8 {[%clk
01:33:26]} {[%emt 00:00:51]} 13. a4 {[%clk 01:05:28]} {[%emt 00:04:34]} Nh5
{[%clk 01:29:05]} {[%emt 00:04:51]} 14. Rfe1 {[%clk 00:59:18]} {[%emt
00:06:39]} Nf4 {[%clk 01:28:39]} {[%emt 00:00:56]} 15. Bf1 {[%clk 00:59:23]}
{[%emt 00:00:25]} Rfc8 {[%clk 01:22:43]} {[%emt 00:06:26]} 16. Re3 {[%clk
00:51:14]} {[%emt 00:08:39]} Kh8 {[%clk 01:16:59]} {[%emt 00:06:14]} 17. Qa3
{[%emt 00:12:05]} Qd8 {[%clk 01:15:57]} 18. Kh2 {[%clk 00:35:48]} {[%emt
00:05:52]} Bh7 {[%clk 00:56:11]} {[%emt 00:20:17]} 19. g3 {[%clk 00:34:50]}
{[%emt 00:01:27]} Nh5 {[%clk 00:54:51]} {[%emt 00:01:51]} 20. Ne5 {[%clk
00:28:51]} {[%emt 00:06:29]} Kg8 {[%clk 00:51:52]} {[%emt 00:03:29]} 21. Kg2
{[%clk 00:19:01]} {[%emt 00:10:20]} Nf6 {[%clk 00:49:10]} {[%emt 00:03:13]} 22.
Nxc6 {[%clk 00:17:07]} {[%emt 00:02:24]} Rxc6 {[%clk 00:42:36]} {[%emt
00:07:04]} 23. Bd3 {[%clk 00:14:15]} {[%emt 00:03:21]} Bxd3 {[%clk 00:42:35]}
{[%emt 00:00:31]} 24. Rxd3 {[%clk 00:14:43]} {[%emt 00:00:02]} Rbc8 {[%clk
00:39:32]} {[%emt 00:03:34]} 25. Nf3 {[%clk 00:13:02]} {[%emt 00:02:11]} Ne4
{[%clk 00:34:59]} {[%emt 00:05:03]} 1/2-1/2

[Event "DVM U16 2023"]
[Site "Magdeburg GER"]
[Date "2023.12.28"]
[Round "4"]
[White "Aravindan, Midhulan"]
[Black "Miller, Elias"]
[Result "1-0"]
[Termination "normal"]
[Board "7.3"]
[WhiteElo "1704"]
[BlackElo "1410"]
[WhiteClock "00:53:26"]
[BlackClock "00:34:14"]
[WhiteTeam "SG Porz"]
[BlackTeam "SK Johanneum Eppendorf"]
[PlyCount "63"]
[WhiteFideId "16237250"]
[BlackFideId "34623590"]
[EventCountry "GER"]
[EventRounds "7"]
[EventType "team-swiss"]
[EventDate "2023.12.26"]

1. e4 {[%clk 01:30:56]} {[%emt 00:00:04]} c6 {[%clk 01:30:54]} {[%emt
00:00:06]} 2. d4 {[%clk 01:31:22]} {[%emt 00:00:04]} d5 {[%clk 01:31:20]}
{[%emt 00:00:03]} 3. Nc3 {[%clk 01:31:41]} {[%emt 00:00:12]} dxe4 {[%clk
01:31:35]} {[%emt 00:00:15]} 4. Nxe4 {[%clk 01:32:04]} {[%emt 00:00:07]} Nf6
{[%clk 01:31:45]} {[%emt 00:00:20]} 5. Nxf6+ {[%clk 01:32:26]} {[%emt
00:00:08]} exf6 {[%clk 01:32:13]} {[%emt 00:00:01]} 6. c3 {[%clk 01:32:49]}
{[%emt 00:00:07]} Bd6 {[%clk 01:32:13]} {[%emt 00:00:29]} 7. Bd3 {[%clk
01:33:12]} {[%emt 00:00:07]} O-O {[%clk 01:32:18]} {[%emt 00:00:25]} 8. Ne2
{[%clk 01:33:16]} {[%emt 00:00:27]} Qc7 {[%clk 01:31:20]} {[%emt 00:01:28]} 9.
Qc2 {[%clk 01:33:28]} {[%emt 00:00:17]} g6 {[%clk 01:30:02]} {[%emt 00:01:48]}
10. Be3 {[%clk 01:30:57]} {[%emt 00:03:01]} Be6 {[%clk 01:28:36]} {[%emt
00:01:55]} 11. h4 {[%clk 01:30:53]} {[%emt 00:00:34]} c5 {[%clk 01:27:26]}
{[%emt 00:01:40]} 12. h5 {[%clk 01:27:53]} {[%emt 00:03:30]} c4 {[%clk
01:24:58]} {[%emt 00:02:56]} 13. Be4 {[%clk 01:25:54]} {[%emt 00:02:31]} f5
{[%clk 01:24:27]} {[%emt 00:01:01]} 14. Bf3 {[%clk 01:24:53]} {[%emt 00:01:31]}
Re8 {[%clk 01:21:34]} {[%emt 00:03:23]} 15. Bg5 {[%clk 01:23:34]} {[%emt
00:01:50]} Bc8 {[%clk 01:16:55]} {[%emt 00:05:08]} 16. O-O-O {[%clk 01:22:18]}
{[%emt 00:01:46]} Nd7 {[%clk 01:15:47]} {[%emt 00:01:38]} 17. hxg6 {[%clk
01:22:35]} {[%emt 00:00:13]} fxg6 {[%clk 01:16:02]} {[%emt 00:00:14]} 18. Bd5+
{[%clk 01:22:51]} {[%emt 00:00:13]} Kg7 {[%clk 01:15:11]} {[%emt 00:01:22]} 19.
g3 {[%clk 01:18:13]} {[%emt 00:05:08]} Nf6 {[%clk 01:13:38]} {[%emt 00:02:02]}
20. Bf3 {[%clk 01:16:39]} {[%emt 00:02:04]} Ne4 {[%clk 01:11:11]} {[%emt
00:02:57]} 21. Bh6+ {[%clk 01:15:19]} {[%emt 00:01:51]} Kf6 {[%clk 01:06:33]}
{[%emt 00:05:06]} 22. Nf4 {[%clk 01:13:52]} {[%emt 00:01:58]} Qa5 {[%clk
01:05:28]} {[%emt 00:01:34]} 23. Kb1 {[%clk 01:10:03]} {[%emt 00:04:19]} Bd7
{[%clk 00:54:37]} {[%emt 00:11:21]} 24. Bxe4 {[%clk 01:03:39]} {[%emt
00:06:54]} Rxe4 {[%clk 00:52:23]} {[%emt 00:02:43]} 25. f3 {[%clk 01:04:01]}
{[%emt 00:00:10]} Ree8 {[%clk 00:51:59]} {[%emt 00:00:52]} 26. Qh2 {[%clk
01:03:54]} {[%emt 00:00:38]} Rh8 {[%clk 00:43:05]} {[%emt 00:09:25]} 27. Qh4+
{[%clk 01:00:21]} {[%emt 00:04:02]} Kf7 {[%clk 00:42:37]} {[%emt 00:00:57]} 28.
Rde1 {[%clk 00:55:51]} {[%emt 00:05:01]} Rae8 {[%clk 00:38:00]} {[%emt
00:05:07]} 29. Nh5 {[%clk 00:54:27]} {[%emt 00:01:54]} Qd8 {[%clk 00:36:19]}
{[%emt 00:02:10]} 30. Bg5 {[%clk 00:52:47]} {[%emt 00:02:11]} Be7 {[%clk
00:33:53]} {[%emt 00:02:55]} 31. Bxe7 {[%clk 00:53:02]} {[%emt 00:00:15]} Rxe7
{[%clk 00:34:14]} {[%emt 00:00:09]} 32. Qf6+ {[%clk 00:53:26]} {[%emt
00:00:07]} 1-0